000 01478nam a2200301 c 4500
003 BLK
005 20181213090321.0
008 180411b bul|||||r ||||||| ||bul||
010 _aKNG00209941000
040 _aBLK
041 _aBUL
_cBUL
080 _aХирургическо оперативно лечение. Оперативна техника. Оперативна хирургия. Употребява се само сато специален определител, а за общи въпроси - в съчетание с 617.
_b616-089
_x(075.8)
_z616-089(075.8)
700 1 _aБаев, Станислав Баев
_eред.
_9367020
139 _aРъководство за практически упражнения по клинична хирургия
_bР 97
245 1 0 _aРъководство за практически упражнения по клинична хирургия
_bЗа студенти по медицина
_cред. Станислав Баев Баев.
257 _aBGR
260 София
_bМедицина и физкултура
_c1989
300 _a263 с.
_bс ил., 8 л. ил.
_c25 см
380 _a61
650 4 _aХирургия, специална
_9270815
653 _aхирургия
653 _aучебници за ВУЗ
852 _aЦб 159885
856 4 _qpdf
_u
856 4 _qpdf
_u
942 _cKNG
_n0
_02
944 _aCR
_c24.07.2017
_kКамелия_Данева
944 _aED
_c24.07.2017
_kКамелия_Данева
999 _c200519
_d200519